000 00951cam a2200253 4500
001 ABS66102
008 021016n2002 000 0 eng u
035 _a(Sirsi) u120124
100 _aFenn, K.
245 _aScience friction
260 _c2002
490 _aProperty Week
_v67(37) 27 September 2002, 41-42(2)
520 _aFollowing the Land Registry in May 2002 issuing an e-conveyancing consultation document, e-conveyancing will soon be possible. The article outlines what dealmakers will need to know about such as digital signatures; commercial conveyancing and confidentiality. More information is available at www.e-conveyancing.gov.co.uk
590 _aABS
650 _aHM LAND REGISTRY
650 _aCONFIDENTIALITY
650 _aDIGITAL SIGNATURES
650 _aE-COMMERCE
650 _aECONVEYANCING
650 _aSECURITY MEASURES
650 _aINTERNET
690 _aPROPERTY AND LAND LAW-CONVEYANCING
942 _n0
999 _c71368
_d71368